000 00631cam a22001934a 4500
020 _a0767416384 (pbk.)
040 _cDLC
082 0 0 _a361 MAY 2001 A019 Or.
245 0 0 _aReading between the lines :
_btoward an understanding of current social problems /
250 _a2nd ed.
260 _aMountain View, Calif. :
_bMayfield,
_cc2001.
300 _axiv, 576 p. :
_bill. ;
_c24 cm.
650 0 _aSocial problems.
700 1 _aKonradi, Amanda.
700 1 _aSchmidt, Martha
856 4 2 _uhttp://www.loc.gov/catdir/description/mh024/00029224.html
856 4 1 _uhttp://www.loc.gov/catdir/toc/mh023/00029224.html
942 _cEK
999 _c12290
_d12290